[Event "Titled Tuesday intern op 19th Dec Early"]
[Site "Chess.com INT"]
[Date "2023.12.19"]
[Round "1"]
[White "Hua, Lefong"]
[Black "Leve, Nitai D"]
[Result "1-0"]
[WhiteElo "2305"]
[BlackElo "2128"]
[PlyCount "117"]
[EventDate "2023.12.19"]
[EventType "swiss (blitz)"]
[EventRounds "11"]
[EventCountry "USA"]
[SourceTitle "CB52_2023"]
[SourceDate "2023.12.27"]
[SourceVersion "1"]
[SourceVersionDate "2023.12.27"]
[SourceQuality "1"]

1. d4 d5 2. c4 c6 3. Nf3 Nf6 4. Nc3 dxc4 5. a4 Bf5 6. Ne5 Nbd7 7. Nxc4 Qc7 8. g3 e5 9. dxe5 Nxe5 10. Bf4 Nfd7 11. Bg2 g5 12. Bxe5 Nxe5 13. Ne3 Rd8 14. Qb3 Be6 15. Qc2 h5 16. 0-0 h4 17. Ne4 Be7 18. Rfd1 Qb6 19. Rxd8+ Kxd8 20. Qc3 Ng6 21. Rd1+ Kc8 22. Nf6 Rd8 23. Nfd5 Bxd5 24. Nxd5 Qc5 25. Nxe7+ Qxe7 26. Rc1 Kb8 27. a5 Qe5 28. Qb4 hxg3 29. hxg3 Qb5 30. Qxb5 cxb5 31. Rc5 Rd2 32. Rxb5 Rxe2 33. Rxb7+ Kc8 34. b4 Ne5 35. Kf1 Rb2 36. Rxa7 Nd3 37. Rxf7 Nxb4 38. a6 Nxa6 39. Rf5 g4 40. Rf4 Rb4 41. Rxb4 Nxb4 42. Be4 Kd8 43. Bf5 Ke7 44. Bxg4 Kf6 45. f4 Nc2 46. Kf2 Nd4 47. Bd1 Nc6 48. Ke3 Nb4 49. g4 Kg6 50. Bf3 Na6 51. Be4+ Kf6 52. g5+ Kg7 53. Kd4 Nc7 54. Ke5 Ne8 55. f5 Kf8 56. f6 Kf7 57. Bc6 Nc7 58. Kf5 Kf8 59. g6 1-0

[Event "Titled Tuesday intern op 18th Apr Early"]
[Site "Chess.com INT"]
[Date "2023.04.18"]
[Round "6"]
[White "Degenbaev, Aziz"]
[Black "Leve, Nitai D"]
[Result "1/2-1/2"]
[WhiteElo "2196"]
[BlackElo "2128"]
[PlyCount "201"]
[EventDate "2023.04.18"]
[EventType "swiss (blitz)"]
[EventRounds "11"]
[EventCountry "USA"]
[SourceTitle "EXT 2024"]
[Source "ChessBase"]
[SourceDate "2023.10.10"]
[SourceVersion "1"]
[SourceVersionDate "2023.10.10"]
[SourceQuality "1"]

1. e4 d5 2. exd5 Nf6 3. Nf3 Bg4 4. d4 Qxd5 5. Be2 Nc6 6. c4 Qh5 7. Nc3 0-0-0 8. Be3 e5 9. d5 e4 10. Nd2 Ne5 11. Ndxe4 Nxe4 12. Nxe4 Bb4+ 13. Nd2 Bxe2 14. Qxe2 Bxd2+ 15. Kxd2 Qxe2+ 16. Kxe2 Nxc4 17. Rhd1 Rhe8 18. Rd4 Nxe3 19. fxe3 Re5 20. Rad1 f5 21. Kf3 g5 22. h3 h5 23. d6 cxd6 24. Rxd6 Rde8 25. Rc1+ Kb8 26. Rc3 g4+ 27. hxg4 hxg4+ 28. Kf2 a6 29. Rd7 Rc8 30. Rxc8+ Kxc8 31. Rf7 b5 32. b4 Re4 33. a3 Re5 34. Ke2 Kb8 35. Kd3 Rd5+ 36. Kc3 Re5 37. Kd4 Re4+ 38. Kd3 Re5 39. g3 Ka8 40. Kd4 Re4+ 41. Kc5 Rxe3 42. Rxf5 Kb7 43. Rf7+ Kc8 44. Kc6 Kd8 45. Rg7 Rxg3 46. Kb6 Rxa3 47. Rxg4 Kd7 48. Rg6 Ra1 49. Kc5 a5 50. Kxb5 axb4 51. Kxb4 Rf1 52. Kc4 Rc1+ 53. Kd5 Rd1+ 54. Ke4 Re1+ 55. Kf3 Re6 56. Rg5 Re8 57. Ra5 Rf8+ 58. Ke4 Kc6 59. Kd4 Rf4+ 60. Ke5 Rh4 61. Ra6+ Kb5 62. Ra8 Rh5+ 63. Kd4 Rh4+ 64. Ke3 Rh3+ 65. Kf4 Rh4+ 66. Kg5 Ra4 67. Rb8+ Kc4 68. Kf4 Kc5+ 69. Ke5 Kc6 70. Rc8+ Kd7 71. Rc5 Ra1 72. Rd5+ Ke7 73. Rd3 Re1+ 74. Kd5 Rh1 75. Re3+ Kd7 76. Rg3 Rh5+ 77. Ke4 Rh4+ 78. Kf5 Ra4 79. Rg7+ Kd6 80. Rg6+ Kd7 81. Rb6 Ra5+ 82. Kf6 Ra1 83. Rb7+ Kc6 84. Rb2 Rf1+ 85. Ke5 Re1+ 86. Kd4 Rd1+ 87. Kc4 Rc1+ 88. Kb3 Rh1 89. Rc2+ Kd6 90. Rc3 Rh5 91. Rg3 Rb5+ 92. Kc3 Rb8 93. Rg6+ Ke5 94. Rg5+ Ke4 95. Rg1 Rc8+ 96. Kb4 Rb8+ 97. Kc5 Rc8+ 98. Kd6 Rd8+ 99. Ke7 Rd2 100. Re1+ Kd3 101. Kd6 1/2-1/2

[Event "Titled Tuesday intern op 18th Apr Early"]
[Site "Chess.com INT"]
[Date "2023.04.18"]
[Round "2"]
[White "Leve, Nitai D"]
[Black "Sowinski, Pawel"]
[Result "0-1"]
[WhiteElo "2128"]
[BlackElo "2313"]
[PlyCount "58"]
[EventDate "2023.04.18"]
[EventType "swiss (blitz)"]
[EventRounds "11"]
[EventCountry "USA"]
[SourceTitle "EXT 2024"]
[Source "ChessBase"]
[SourceDate "2023.10.10"]
[SourceVersion "1"]
[SourceVersionDate "2023.10.10"]
[SourceQuality "1"]

1. e4 c6 2. d4 d5 3. exd5 cxd5 4. c4 Nf6 5. Nc3 e6 6. Nf3 Nc6 7. cxd5 Nxd5 8. Bd3 Be7 9. Qb3 Bf6 10. 0-0 0-0 11. Be4 Nce7 12. Bg5 Bxg5 13. Nxg5 h6 14. Nf3 Bd7 15. Ne5 Bc6 16. Nxc6 bxc6 17. Rac1 Rb8 18. Qa3 a5 19. Bb1 Rb4 20. Rfd1 Qb6 21. Na4 Qb5 22. b3 Qe2 23. Bd3 Qg4 24. h3 Qg5 25. Nc5 Kh8 26. Kf1 Rxd4 27. Qxa5 Nf4 28. g3 Nxd3 29. Nxd3 Qxa5 0-1

[Event "Titled Tuesday intern op 04th Apr Early"]
[Site "Chess.com INT"]
[Date "2023.04.04"]
[Round "3"]
[White "Blokhin, Sofia"]
[Black "Leve, Nitai D"]
[Result "0-1"]
[WhiteElo "2056"]
[BlackElo "2128"]
[PlyCount "64"]
[EventDate "2023.04.04"]
[EventType "swiss (blitz)"]
[EventRounds "11"]
[EventCountry "USA"]
[SourceTitle "EXT 2024"]
[Source "ChessBase"]
[SourceDate "2023.10.10"]
[SourceVersion "1"]
[SourceVersionDate "2023.10.10"]
[SourceQuality "1"]

1. d4 Nf6 2. c4 g6 3. Nc3 Bg7 4. e4 d6 5. f3 0-0 6. Be3 e5 7. d5 c6 8. Qd2 Nfd7 9. g4 f5 10. gxf5 gxf5 11. exf5 Nc5 12. Bxc5 dxc5 13. 0-0-0 Bxf5 14. Bd3 Qh4 15. Kb1 cxd5 16. Nxd5 Nc6 17. Ne2 e4 18. fxe4 Bxe4 19. Rhg1 Kh8 20. Ka1 Rf2 21. Qe3 Bxd3 22. Rxd3 Qxh2 23. Rxg7 Rxe2 24. Qg1 Rxb2 25. Rxh7+ Kxh7 26. Nf6+ Kh8 27. Rh3+ Qxh3 28. Kxb2 Rf8 29. Nd5 Nd4 30. Qg5 Qh2+ 31. Kc3 Rf3+ 32. Ne3 Qc2# 0-1

[Event "Titled Tuesday intern op 14th Mar Early"]
[Site "Chess.com INT"]
[Date "2023.03.14"]
[Round "11"]
[White "Leve, Nitai D"]
[Black "Torres Dominguez, David"]
[Result "1-0"]
[WhiteElo "2128"]
[BlackElo "1998"]
[PlyCount "147"]
[EventDate "2023.03.14"]
[EventType "swiss (blitz)"]
[EventRounds "11"]
[EventCountry "USA"]
[SourceTitle "EXT 2024"]
[Source "ChessBase"]
[SourceDate "2023.10.10"]
[SourceVersion "1"]
[SourceVersionDate "2023.10.10"]
[SourceQuality "1"]

1. e4 Nc6 2. Nf3 e5 3. Bb5 Nge7 4. c3 g6 5. d4 Bg7 6. 0-0 0-0 7. Bg5 exd4 8. cxd4 f6 9. Qb3+ Kh8 10. Bd2 d5 11. exd5 Nxd5 12. Nc3 Nce7 13. Rfe1 c6 14. Bd3 Qb6 15. Qa3 Bg4 16. Rxe7 Nxe7 17. Qxe7 Bxf3 18. gxf3 Qxd4 19. Qe3 Rad8 20. Qxd4 Rxd4 21. Be3 Rxd3 22. Bxa7 f5 23. Re1 Rd7 24. Na4 Ra8 25. Nc5 Rf7 26. Bb6 Bf6 27. a4 Kg7 28. b4 Bc3 29. Rb1 Re7 30. b5 cxb5 31. Rxb5 Bf6 32. Ba5 Kf7 33. Nxb7 Re6 34. Nc5 Re7 35. Bb4 Rc7 36. a5 Be7 37. Nb7 Bxb4 38. Rxb4 Ke7 39. Rb6 Rc1+ 40. Kg2 Rc7 41. a6 Rxa6 42. Rxa6 Rxb7 43. Kg3 Kf7 44. Kf4 Re7 45. h4 Kg7 46. Kg5 h6+ 47. Kf4 Rb7 48. Ra4 Rc7 49. h5 gxh5 50. Kxf5 Rf7+ 51. Ke4 h4 52. Ke3 Re7+ 53. Kf4 Rf7+ 54. Kg4 h3 55. Kg3 h2 56. Rh4 Kg6 57. Rxh2 h5 58. f4 Kh6 59. Kf3 Kg6 60. Rg2+ Kh6 61. Rg8 Kh7 62. Ra8 Kh6 63. Ra6+ Kh7 64. Kg3 Rg7+ 65. Kh4 Rg4+ 66. Kxh5 Rxf4 67. Ra7+ Kg8 68. Ra2 Rf5+ 69. Kg4 Rf7 70. f4 Kg7 71. Ra6 Rb7 72. Kg5 Rb5+ 73. Kg4 Rc5 74. Ra7+ 1-0

[Event "Titled Tuesday intern op 7th Mar Early"]
[Site "Chess.com INT"]
[Date "2023.03.07"]
[Round "10"]
[White "Estrada Nieto, Julian"]
[Black "Leve, Nitai D"]
[Result "1-0"]
[WhiteElo "2217"]
[BlackElo "2128"]
[PlyCount "55"]
[EventDate "2023.03.07"]
[EventType "swiss (blitz)"]
[EventRounds "11"]
[EventCountry "USA"]
[SourceTitle "EXT 2024"]
[Source "ChessBase"]
[SourceDate "2023.10.10"]
[SourceVersion "1"]
[SourceVersionDate "2023.10.10"]
[SourceQuality "1"]

1. e4 e6 2. d4 d5 3. Nd2 Nf6 4. e5 Nfd7 5. Bd3 c5 6. c3 Nc6 7. Ne2 cxd4 8. cxd4 f6 9. exf6 Nxf6 10. Nf3 Qc7 11. 0-0 Bd6 12. Bg5 0-0 13. Bh4 Nh5 14. Qc2 h6 15. Bh7+ Kh8 16. Bg6 Nf4 17. Nxf4 Rxf4 18. Bg3 Rf6 19. Rfe1 Bd7 20. Ne5 Raf8 21. Rac1 Qd8 22. Nxc6 Bxc6 23. Bh4 Qa5 24. Bxf6 Rxf6 25. a3 Qb6 26. Qd3 Bf4 27. Rc2 a6 28. Bh5 1-0

[Event "Titled Tuesday intern op 7th Mar Early"]
[Site "Chess.com INT"]
[Date "2023.03.07"]
[Round "4"]
[White "Vlassov, Nikolai"]
[Black "Leve, Nitai D"]
[Result "1-0"]
[WhiteElo "2283"]
[BlackElo "2128"]
[PlyCount "113"]
[EventDate "2023.03.07"]
[EventType "swiss (blitz)"]
[EventRounds "11"]
[EventCountry "USA"]
[SourceTitle "EXT 2024"]
[Source "ChessBase"]
[SourceDate "2023.10.10"]
[SourceVersion "1"]
[SourceVersionDate "2023.10.10"]
[SourceQuality "1"]

1. e4 e6 2. c4 d5 3. cxd5 exd5 4. Qb3 dxe4 5. Bc4 Qf6 6. Nc3 Nh6 7. Nxe4 Qg6 8. Ng3 Bc5 9. d4 Bxd4 10. Bxh6 gxh6 11. Nf3 Nc6 12. 0-0 0-0 13. Bd3 Qg4 14. a3 Rb8 15. Rac1 Be6 16. Qc2 Bd5 17. Bxh7+ Kh8 18. Bf5 Qg7 19. Nh5 Qg8 20. Be4 f5 21. Bxd5 Qxd5 22. Rfd1 Rbd8 23. Nf4 Qe4 24. Ng6+ Kg7 25. Nxf8 Qxc2 26. Rxc2 Bxf2+ 27. Kxf2 Rxd1 28. Ne6+ Kf6 29. Nxc7 Rb1 30. Nd5+ Ke6 31. Nf4+ Kf6 32. Nd3 Rd1 33. Rd2 Rb1 34. Nc5 b6 35. Na4 Ne7 36. Nc3 Ra1 37. Nd5+ Nxd5 38. Rxd5 Ke6 39. Re5+ Kf6 40. Re1 Ra2 41. Re2 b5 42. Nd4 a6 43. Kf3 Kg5 44. g3 h5 45. h4+ Kf6 46. Kf4 Ra1 47. Re6+ Kf7 48. Kxf5 Rd1 49. Rd6 Rd2 50. b3 Rd3 51. a4 bxa4 52. bxa4 Rxg3 53. Rd7+ Ke8 54. Ra7 Rg4 55. Ne6 Rxa4 56. Kf6 Rxh4 57. Re7# 1-0

[Event "Titled Tuesday intern op 21st Feb Late"]
[Site "Chess.com INT"]
[Date "2023.02.21"]
[Round "1"]
[White "Leve, Nitai D"]
[Black "Tristan, Leonardo"]
[Result "0-1"]
[WhiteElo "2128"]
[BlackElo "2545"]
[PlyCount "86"]
[EventDate "2023.02.21"]
[EventType "swiss (blitz)"]
[EventRounds "11"]
[EventCountry "USA"]
[SourceTitle "CBM 212 Extra"]
[Source "ChessBase"]
[SourceDate "2023.03.31"]
[SourceVersion "1"]
[SourceVersionDate "2023.03.31"]
[SourceQuality "1"]

1. e4 d5 2. exd5 Qxd5 3. Nc3 Qa5 4. h3 Nf6 5. d4 Bf5 6. Bd3 Nbd7 7. Nf3 e6 8. 0-0 Bd6 9. Nb5 Bxd3 10. Qxd3 0-0 11. c4 a6 12. Bd2 Bb4 13. Nc3 c6 14. a3 Bxc3 15. Bxc3 Qa4 16. Bb4 Rfd8 17. b3 Nc5 18. Bxc5 Qa5 19. Be7 Rd7 20. Bxf6 gxf6 21. Qe3 Qh5 22. Rfd1 Rad8 23. Rd3 Kh8 24. Qf4 Qg6 25. Rad1 Rg8 26. Nh4 Qg7 27. Rg3 e5 28. Rxg7 exf4 29. Rxg8+ Kxg8 30. d5 c5 31. Nf5 h5 32. Re1 Kh7 33. Re7 Rd8 34. Rxf7+ Kg6 35. Rxb7 Kxf5 36. Rb6 a5 37. Rb5 Ke4 38. Rxc5 Rg8 39. Rxa5 f3 40. g3 h4 41. c5 hxg3 42. fxg3 Ke3 43. g4 Ke2 0-1

[Event "Titled Tuesday intern op 21st Feb Late"]
[Site "Chess.com INT"]
[Date "2023.02.21"]
[Round "6"]
[White "Winkels, Marcel"]
[Black "Leve, Nitai D"]
[Result "1-0"]
[WhiteElo "1957"]
[BlackElo "2128"]
[PlyCount "73"]
[EventDate "2023.02.21"]
[EventType "swiss (blitz)"]
[EventRounds "11"]
[EventCountry "USA"]
[SourceTitle "CBM 212 Extra"]
[Source "ChessBase"]
[SourceDate "2023.03.31"]
[SourceVersion "1"]
[SourceVersionDate "2023.03.31"]
[SourceQuality "1"]

1. e4 e6 2. d4 d5 3. Nc3 Nf6 4. Bg5 Be7 5. e5 Nfd7 6. h4 a6 7. Qg4 Bxg5 8. hxg5 c5 9. g6 f5 10. Qg3 cxd4 11. Rxh7 Rg8 12. Nce2 Nc6 13. 0-0-0 Ndxe5 14. Nxd4 Qf6 15. f4 Nxg6 16. Nxc6 bxc6 17. Be2 Nf8 18. Rh3 Rb8 19. c3 Nd7 20. Nf3 Nc5 21. Ne5 Ne4 22. Qe3 c5 23. Bh5+ g6 24. Bf3 g5 25. Bxe4 fxe4 26. g3 gxf4 27. gxf4 Rb5 28. Rh7 Rg2 29. Rd2 Rxd2 30. Qxd2 Kd8 31. Rf7 Qh4 32. Nc6+ Ke8 33. Re7+ Kf8 34. Kc2 Bb7 35. Qg2 Qf6 36. Rxb7 Rxb7 37. Ne5 1-0

[Event "Titled Tuesday intern op 10th Jan Early"]
[Site "Chess.com INT"]
[Date "2023.01.10"]
[Round "3"]
[White "Leve, Nitai D"]
[Black "Lauridsen, Jesper Morch"]
[Result "0-1"]
[WhiteElo "2128"]
[BlackElo "2250"]
[PlyCount "48"]
[EventDate "2023.01.10"]
[EventType "swiss (blitz)"]
[EventRounds "11"]
[EventCountry "USA"]
[SourceTitle "EXT 2024"]
[Source "ChessBase"]
[SourceDate "2023.10.10"]
[SourceVersion "1"]
[SourceVersionDate "2023.10.10"]
[SourceQuality "1"]

1. e4 e5 2. Nf3 Nf6 3. d4 Nxe4 4. Nxe5 d5 5. Bd3 Nd7 6. 0-0 Bd6 7. f4 0-0 8. c4 c5 9. cxd5 f5 10. Nc3 cxd4 11. Nxe4 fxe4 12. Bxe4 Nxe5 13. fxe5 Rxf1+ 14. Kxf1 Bxe5 15. Bxh7+ Kxh7 16. Qh5+ Kg8 17. Qxe5 Bg4 18. Bg5 Qb6 19. Be7 d3 20. g3 d2 21. d6 Rc8 22. Kg2 Rc1 23. Qd5+ Kh8 24. d7 Qg1# 0-1